The Rookie sudden death - Statistics

General Stats
  • This quiz has been taken 1,245 times
  • The average score is 11 of 17
Answers on the Grid
Answers color-coded by a green-red scale on the quiz's grid according to % correct below.
tom cruise
samuel l. jackson
nathan fillion
richard t. jones
melissa o'neil
eric winter
mekia cox
shawn ashmore
jenna dewan
lisseth chavez
titus makin jr.
adele
tru valentino
lamine yamal
deric augustine
arjay smith
tom hanks
brent huff
billie eilish
mercedes mason
keanu reeves
leonardo dicarprio
shah rukh khan
kai cenat
matt damon
alyssa diaz
angela malestein
dylan conrique
johnny depp
zendaya
dwayne johnson
will smith
afton williamson
lady gaga
 
Answer Stats
Answer % Correct
melissa o'neil
91%
eric winter
89%
nathan fillion
87%
mekia cox
80%
jenna dewan
76%
alyssa diaz
74%
lisseth chavez
71%
shawn ashmore
71%
richard t. jones
69%
dylan conrique
63%
titus makin jr.
63%
tru valentino
60%
deric augustine
53%
mercedes mason
48%
afton williamson
45%
brent huff
43%
arjay smith
39%
No matching quizzes found
Score Distribution
Percent of People with Each Score
Percentile by Number Answered
Your Score History
You have not taken this quiz